000 00585nam a2200193Ia 4500
005 20250508160756.0
008 008 250505s9999 xx 000 0 eng d
020 _a92-3-101036-0
037 _aTextual
040 _aFEDL
_beng
_cFEDL
041 _aeng
_2eng
084 _a371.3074, UNE
_qFEDL
245 0 _aMuseums, imagination and education
260 _aParis, France
_bUnited Nations Educational, Scientific and Cultural Organization
_c1973
300 _a148p.
650 _aTeaching Technique
942 _cTEXL
_h371.3074, UNE
999 _c1366561
_d1366561